Качество как условие повышения конкурентоспособности и путь к устойчивому развитию (Запись № 9779173)

Подробности
000 -МАРКЕР
контрольное поле 02864nam0a2200421 i 4500
001 - ИДЕНТИФИКАТОР ЗАПИСИ
контрольное поле RU\NLR\BIBL_A\010712477
005 - ИДЕНТИФИКАТОР ВЕРСИИ
контрольное поле 20260408121231.0
010 ## - МЕЖДУНАРОДНЫЙ СТАНДАРТНЫЙ НОМЕР КНИГИ (ISBN)
Номер (ISBN) 9785892305501
Тираж 100
021 ## - НОМЕР ГОСУДАРСТВЕННОЙ РЕГИСТРАЦИИ
Код страны Российская Федерация
Номер 2015-8990
Номер Листа государственной регистраци 558
035 ## - ДРУГИЕ СИСТЕМНЫЕ НОМЕРА
Идентификатор записи (NILC)RuMoRGB-007868900
035 ## - ДРУГИЕ СИСТЕМНЫЕ НОМЕРА
Идентификатор записи (NLR Aleph) 010712477
100 ## - ДАННЫЕ ОБЩЕЙ ОБРАБОТКИ
Данные общей обработки 20150401d2014 k y0rusy50 ca
101 0# - ЯЗЫК РЕСУРСА
Язык текста, звукозаписи и т.д. русский
-- английский
102 ## - СТРАНА ПУБЛИКАЦИИ ИЛИ ПРОИЗВОДСТВА
Страна публикации Российская Федерация
105 ## - ПОЛЕ КОДИРОВАННЫХ ДАННЫХ: ТЕКСТОВЫЕ МАТЕРИАЛЫ, МОНОГРАФИЧЕСКИЕ
Кодированные данные о монографическом текстовом документе a|||z|||101yy
200 1# - ЗАГЛАВИЕ И СВЕДЕНИЯ ОБ ОТВЕТСТВЕННОСТИ
Основное заглавие Качество как условие повышения конкурентоспособности и путь к устойчивому развитию
Параллельное заглавие Quality as a requirement of improving of competitiveness and a way to sustainable development
Сведения, относящиеся к заглавию материалы конференции
Первые сведения об ответственности II Международная научно-практическая конференция (МНПК-II)
Язык параллельного заглавия английский
210 ## - ПУБЛИКАЦИЯ, РАСПРОСТРАНЕНИЕ И ДР.
Место издания, распространения и т.д. Улан-Удэ
Имя издателя, распространителя и т. д. Изд-во ВСГУТУ
Дата издания, распространения и т.д. 2014
215 ## - ФИЗИЧЕСКАЯ ХАРАКТЕРИСТИКА
Специфическое обозначение материала и объем 323 с.
Другие сведения о физической характеристике ил.
Размеры 21
300 ## - ОБЩИЕ ПРИМЕЧАНИЯ
Текст примечания В надзаг.: М-во образования и науки Рос. Федерации, Федер. гос. бюджет. образоват. учреждение высш. проф. образования "Вост.-Сиб. гос. ун-т технологий и упр." (ФГБОУ ВПО ВСГУТУ), Каф. "Стандартизация, метрология и упр. качеством"
300 ## - ОБЩИЕ ПРИМЕЧАНИЯ
Текст примечания Рез. на англ. яз.
320 ## - ПРИМЕЧАНИЯ О НАЛИЧИИ В ДОКУМЕНТЕ БИБЛИОГРАФИИ / УКАЗАТЕЛЯ
Текст примечания Библиогр. в конце ст.
320 ## - ПРИМЕЧАНИЯ О НАЛИЧИИ В ДОКУМЕНТЕ БИБЛИОГРАФИИ / УКАЗАТЕЛЯ
Текст примечания Алф. указ.: с. 317-319
510 1# - ПАРАЛЛЕЛЬНОЕ ЗАГЛАВИЕ
Параллельное заглавие Quality as a requirement of improving of competitiveness and a way to sustainable development
Язык заглавия английский
606 ## - НАИМЕНОВАНИЕ ТЕМЫ КАК ПРЕДМЕТ
Наименование темы Качество продукции
Формальный подзаголовок Съезды, совещания и т.п
Системный номер авторитетной/нормативной записи 1187128
Идентификатор авторитетной/нормативной записи RU\NLR\AUTH\66160773
606 ## - НАИМЕНОВАНИЕ ТЕМЫ КАК ПРЕДМЕТ
Наименование темы Сфера услуг
Тематический подзаголовок Качество
Системный номер авторитетной/нормативной записи 2192495
Идентификатор авторитетной/нормативной записи RU\NLR\AUTH\6601553524
606 ## - НАИМЕНОВАНИЕ ТЕМЫ КАК ПРЕДМЕТ
Наименование темы Образование
Тематический подзаголовок Качество
Системный номер авторитетной/нормативной записи 2459444
Идентификатор авторитетной/нормативной записи RU\NLR\AUTH\661461559
606 ## - НАИМЕНОВАНИЕ ТЕМЫ КАК ПРЕДМЕТ
Наименование темы Конкурентоспособность
Формальный подзаголовок Съезды, совещания и т.п
Системный номер авторитетной/нормативной записи 1112705
Идентификатор авторитетной/нормативной записи RU\NLR\AUTH\66439734
606 1# - НАИМЕНОВАНИЕ ТЕМЫ КАК ПРЕДМЕТ
Наименование темы Сельское хозяйство
Формальный подзаголовок Съезды, совещания и т.п
Системный номер авторитетной/нормативной записи 896357
Идентификатор авторитетной/нормативной записи RU\NLR\AUTH\664909
606 ## - НАИМЕНОВАНИЕ ТЕМЫ КАК ПРЕДМЕТ
Наименование темы Устойчивого развития концепция
Формальный подзаголовок Съезды, совещания и т.п
Системный номер авторитетной/нормативной записи 2087859
Идентификатор авторитетной/нормативной записи RU\NLR\AUTH\661263996
686 1# - ИНДЕКСЫ ДРУГИХ КЛАССИФИКАЦИЙ
Индекс П.я431(0)
686 1# - ИНДЕКСЫ ДРУГИХ КЛАССИФИКАЦИЙ
Индекс У.я431(0)
712 02 - НАИМЕНОВАНИЕ ОРГАНИЗАЦИИ - ВТОРИЧНАЯ ОТВЕТСТВЕННОСТЬ
Код отношения Прочие
Начальный элемент ввода Восточно-Сибирский государственный университет технологий и управления
Идентифицирующий признак Улан-Удэ
Структурное подразделение Кафедра "Стандартизация, метрология и управление качеством"
Идентификатор авторитетной/нормативной записи RU\NLR\AUTH\880396424
Системный номер авторитетной/нормативной записи 459394
801 #0 - ИСТОЧНИК ЗАПИСИ
Страна Российская Федерация
Организация РГБ
Дата составления 20150216
Правила каталогизации RCR
942 ## - ДОПОЛНИТЕЛЬНЫЕ ЭЛЕМЕНТЫ ЗАПИСИ (АБИС)
Тип экземпляра АБИС Книга
980 ## - КОЛЛЕКЦИЯ
Название коллекции НБР

Нет доступных экземпляров.